Československé správní právo státní správa v meziodvětvových oborech
Na minha lista:
| Formato: | Livro |
|---|---|
| Idioma: | tcheco |
| Publicado em: |
Praha
Ústav státní správy
1982
|
| Edição: | 3. dopln. vyd. |
| Tags: |
Sem tags, seja o primeiro a adicionar uma tag!
|
MARC
| LEADER | 00000nam a2200000 4500 | ||
|---|---|---|---|
| 001 | c116674 | ||
| 005 | 20250926124707.6 | ||
| 041 | 0 | |a cze | |
| 044 | |a CZ | ||
| 245 | 1 | 0 | |a Československé správní právo |b státní správa v meziodvětvových oborech |
| 250 | |a 3. dopln. vyd. | ||
| 264 | 1 | |a Praha |b Ústav státní správy |c 1982 | |
| 300 | |a 81 s. | ||